| 000 | 00477cam a2200193ua 4500 | ||
|---|---|---|---|
| 001 | 1613 | ||
| 008 | 110713n ii |||gr||||Z||||||eng | ||
| 020 | _a81-272-1173-7 | ||
| 040 | _cMAIN | ||
| 082 | _a339.01 | ||
| 100 | 1 |
_aChopra, P. N., _eAuthor. |
|
| 245 | 1 |
_aMacro economic theory _cby P. N. Chopra |
|
| 250 | _a3rd. | ||
| 260 |
_aNe Delhi: _bKalyani Publishers, _c2003. |
||
| 300 |
_a484p: _c25cm. |
||
| 653 | _aEconomics | ||
| 653 | _aMacro economic theory | ||
| 942 | _cBK | ||
| 999 |
_c1500 _d1500 |
||